01303 a2200169 45000010006000000050017000060080041000230030015000640400040000790800130001192450072002492640057003213000019003785050699003971000021010967000016011173953620260407155653.0260407a1973 arg spa dAR-UNSa-BCEJYS aAR-UNSa-BCEJYSbspacAR-UNSa-BCEJYS a658.01xMetodología. Teoría y práctica de la organización( teoria de la organización, análisis organizacional...)10aConsultoría de procesospsu papel en el desarrollo organizacional 1aMéxico :bCentro Regional de Ayuda Técnicac1973 a163 p.c21 cm. aParte I: Diagnóstico : 1. Introducción - 2. Procesos en organizaciones : visión panóramica - 3. Procesos de comunicación - 4. Actuaciones funcionales de los miembros de grupo - 5. Solución de problemas y toma de decisiones por el grupo - 6. Normas de grupo y desarrollo del grupo - 7. Liderazgo y autoridad - 8. Procesos de relación entre grupos - 8. Procesos de relación entre grupos - Parte 2 : Intervención : 9. Establecimiento del contacto y definición de la relación - 10. Selección de un lugar y un método de trabajo - 12. Intervención - 13. Evaluación de los resultados y terminación del compromiso - 14. La consultoría de procesos vista en perspectiva.1 aSchein, Edgar H.1 aGaos, Angel